The Karnataka zilla parishads, taluk panchayat samithis, mandal panchayats and nyaya panchayats act, 1983 (Record no. 508307)

000 -LEADER
fixed length control field 00402cam a22001217a 4500
008 - FIXED-LENGTH DATA ELEMENTS--GENERAL INFORMATION
fixed length control field 180718b1983 xxu||||| |||| 00| 0 eng d
082 ## - DEWEY DECIMAL CLASSIFICATION NUMBER
Classification number B71103x5444 A
100 ## - MAIN ENTRY--PERSONAL NAME
Personal name Karnataka. Legislative Assembly
9 (RLIN) 3554
245 ## - TITLE STATEMENT
Title The Karnataka zilla parishads, taluk panchayat samithis, mandal panchayats and nyaya panchayats act, 1983
260 ## - PUBLICATION, DISTRIBUTION, ETC. (IMPRINT)
Place of publication, distribution, etc Bangalore
Name of publisher, distributor, etc The author
Date of publication, distribution, etc 1983
300 ## - PHYSICAL DESCRIPTION
Extent 198+p.
942 ## - ADDED ENTRY ELEMENTS (KOHA)
Source of classification or shelving scheme
Holdings
Withdrawn status Lost status Source of classification or shelving scheme Damaged status Koha normalized classification for sorting Not for loan Permanent location Current location Date acquired Full call number Barcode Date last seen Price effective from Koha item type
        B_71103X5444_A   Indian Institute of Public Administration Indian Institute of Public Administration 2019-03-19 B71103x5444 A GG33876 2019-03-19 2019-03-19 GG

Powered by Koha